000 00518nam a22001697a 4500
005 20260429134254.0
008 260429b |||||||| |||| 00| 0 eng d
020 _a9780406000385
_qhbk
041 _aeng
082 _a348.42 ALL (R)
245 _aThe All England Law Reports Reprint
_bBeing a selection from the LAW TIMES REPORTS 1843-1935
260 _aLondon
_bButterworth & Co. (Publishers) Ltd.
_c1961
300 _a1200p. :
_c25cm
504 _aindex
650 _aLaws, regulations & cases
942 _cENGLISH
999 _c621423
_d621423